Quizzes
Events
Quiz Creation
Community
Videos
Private Events
Remove Ads
Sign In
Join for FREE
Feedback
Dark Mode
Quiz Categories
Sports
Geography
Music
Movies
Television
Just For Fun
Miscellaneous
History
Literature
Language
Science
Gaming
Entertainment
Religion
Holiday
For Kids
Quiz Lab
Recent
Popular Today
Quiz Kudos Today
Editor Picks
Curator Picks
Quizzes by...
Day
Popularity
Type
Ratings
Length
Year
Community
Subscriptions
Recent Discussions
Orange Saloon
Badges
Playlists
Quests
Create
Leaderboards
Showdown
Live 5
Trivia Bingo
Activity
Puzzle Library
Sporcle Events
Private Events
Virtual Trivia
Globe League
Become a Host
Pub Owners
SporcleCon
Opinionation
Our Games
Videos
Blog
Mobile Apps
Partnerships
Remove Ads and Go Orange
Feedback
Science
Computer
Plants
Astronomy
Chemistry
Elements
Math
Animal
Physics
Anatomy
Biology
Geology
General Science
Science
Computer
Plants
Astronomy
Chemistry
Elements
Math
Animal
Physics
Anatomy
Biology
Geology
General Science
Random Quiz
Search Sporcle
×
Quiz Lab
Quiz Lab
Science
atomic
Type in answers that appear in a list
Type in answers that appear in a list
Classic
Best Score? Go Orange.
Can you name every element by it`s atomic number Stats
Can you name the can you name the charge of every element??
By
Dominushusky
10m
30 Questions
23 Plays
23 Plays
23 Plays
Comments
Comments
Give Quiz Kudos
Give Quiz Kudos
-
- Ratings
hide this ad
More Info
Random Order
Randomize order of answers
Randomize order of answers
Replay
Link that replays current quiz
Next Quiz
Link to next quiz in quiz playlist
You Got
0%
They Got
Avg Score
52%
Avg Friend Score
Upgrade to see
Score Distribution
Jump to the score distribution portion of the page
Score
0/30
Timer
10:00
0
Plays Today
Atomic number
Element
% Correct
1
hydrogen
91.3%
2
helium
91.3%
10
neon
87%
19
potassium
65.2%
12
magnesium
65.2%
17
chlorine
65.2%
18
argon
65.2%
15
phosphorus
60.9%
13
aluminium
60.9%
20
calcium
60.9%
26
iron
60.9%
92
uranium
56.5%
50
tin
52.2%
40
zirconium
47.8%
25
manganese
47.8%
Atomic number
Element
% Correct
38
strontium
47.8%
78
platinum
47.8%
33
arsenic
47.8%
54
xenon
47.8%
87
francium
43.5%
80
mercury
43.5%
52
tellurium
43.5%
45
rhodium
43.5%
61
promethium
39.1%
66
dysprosium
39.1%
65
terbium
34.8%
73
tantalum
34.8%
99
Einsteinium
30.4%
100
fermium
21.7%
77
irdium
21.7%
Quiz Playlist
Details
Report
Send in Message
Add To Playlist
More Info:
name every element by it`s atomic number
Classic:
Type in answers that appear in a list
Random Order:
Randomize order of answers
Last Updated: Feb 16, 2017
Quiz Scoreboard
CHALLENGE
Sign Up to Join the Scoreboard
Show All
Scores
Hide
Comments
May contain spoilers
Recently Published
Popular People in 1961
by mucciniale
History
6m
1-10 Letter E Words III
by El_Dandy
Language
2m
One Thing in Common: World Cities II
by knightlancer
Geography
7m
More to Explore
Quiz From the Vault
Featured Blog Post
Where Did the Easter Bunny Come From?
hide this ad
You Might Also Like...
Tags
atomic
Today's Top Quizzes in Science
Browse Science
hide this ad
Today's Top Quizzes in atomic
Browse atomic
Top Contributed Quizzes in Science
1
One Thing in Common: Science
2
One Thing in Common: Science III
3
Quick Pick: Radians
4
Sporcle Puzzle Hunt: Science
5
Quick Pick: 'CI-CJ' Animals
6
One Thing in Common: Science II
7
Square Numbers Scrambled (1-50)
8
Elements In Images
9
Click the Parts of an Plant Cell
10
Glycolysis
Explore More
Trending Topics
NBA
Kpop
Marvel
Harry Potter
Crossword
Anime
Disney
The Office
WWE
Soccer
Puzzle
Country
Song
Pokémon
NFL
hide this ad
More By:
Dominushusky
Quiz
Plays
Rating
Category
Featured
Created
Can you name every element by it`s atomic number
23
1.75
Science
Nov 27, 2015
Go to Creator's Profile
Score Distribution
Quiz Creator Spotlight
Dominushusky
Follow
Send a Message
Quizzes Created
-
Created Quiz Play Count
-
More By This Creator
Popular Quizzes Today
1
Find the US States - No Outlines Minefield
2
The Countries of the World
3
Find the Countries of Europe - No Outlines Minefield
4
Popular People in 1961
5
1-10 Letter E Words III
6
Find the US States
7
One Thing in Common: World Cities II
8
US States
More Science Quizzes
Flip Flop: Birds
Curator's Pick
Trending Quizzes
Risky Map Clicking: Least Populous States A-Z
1-10 Letter F Words
1-10 Letter G Words
One Thing in Common: United Kingdom
Risky Map Clicking: Next State Alphabetically
Recently Updated
Leaping Animals
pecheneg
Reality TV Shows (A-Z)
bhenderson79
Rickey Henderson's Hall of Fame Teammates
pecheneg
Champions League XIs: Arsenal
pecheneg
Quick Pick: Celebrities in WWE's Hall of Fame
aduchscher
A-Z Keypad Blitz II
pecheneg
Multiple Oscar Actors
pecheneg
Mystery Phrase Blitz: Oscar 'Best Actors'
pecheneg
F. Scott Fitzgerald Novels
LTH
Pick 3 Villains
ddd62291
Trending Topics
Kpop
Crossword
Anime
Disney
Marvel
NBA
Harry Potter
WWE
Soccer
Song
The Office
Pokémon
Puzzle
Country
NFL
Your Account Isn't Verified!
In order to create a playlist on Sporcle, you need to verify the email address you used during registration. Go to your
Sporcle Settings
to finish the process.
Report this User
Report this user for behavior that violates our
Community Guidelines
.
Details:
Send Report
Go to the Sporcle.com Mobile Site →
Comments